Kilka uwag o cytowaniu literatury

Titel: Kilka uwag o cytowaniu literatury : (na marginesie książki Z. Świechowskiego "Architektura na Śląsku do poł. XIII w.") / Tadeusz Dobrowolski
Verfasser:
In: Biuletyn historii sztuki,
alle Artikel anzeigen
Veröffentlicht: Warszawa : Państwowy Instytut Sztuki, 1956
Format: Aufsatz
Sprache: Polnisch
Vorliegende Ausgabe: Online-Ausgabe Heidelberg: Universitätsbibliothek Heidelberg, 2018.
Kein Bild verfügbar
X
alg: 47276137
001A    $06055:21-11-20 
001B    $01999:25-11-20 $t22:46:00.000 
001D    $06055:21-11-20 
001U    $0utf8 
001X    $00 
002@    $0Oox 
002C    $aText $btxt $2rdacontent 
002D    $aComputermedien $bc $2rdamedia 
002E    $aOnline-Ressource $bcr $2rdacarrier 
003@    $0472761374 
004P    $010.11588/diglit.41526.22 $SV98 
004U    $0urn:nbn:de:bsz:16-diglit-415265 $SV98 
007A    $0472761374 $aHEB 
007I    $0HHB-507532740 
007I    $0HHB-1577532740 
009Q    $SV98 $uhttps://digi.ub.uni-heidelberg.de/diglit/bhs1956/0187 $xH 
010@    $apol 
011@    $a1956 
011B    $a2018 
021A    $aKilka uwag o cytowaniu literatury $d(na marginesie książki Z. Świechowskiego "Architektura na Śląsku do poł. XIII w.") $hTadeusz Dobrowolski 
028A    $#Dobrowolski, Tadeusz Wincenty $#Dobrowolski, T. $7101537522 $8Dobrowolski, Tadeusz$Z1899-1984 [Tp1] $9137289154 
033A    $pWarszawa $nPaństwowy Instytut Sztuki 
033N    $pHeidelberg $nUniversitätsbibliothek Heidelberg 
037A    $aElektronische Reproduktion der Druckausgabe 
037A    $aEnthalten in: 18(1956), Seite 177-178 
037G    $aOnline-Ausgabe 
039B    $aEnthalten in $8--Obvc--. Biuletyn historii sztuki. - Warszawa : [Verlag nicht ermittelbar], 1950-2018. - DOI 10.11588/diglit.34474. - urn:nbn:de:bsz:16-diglit-344741 $9403709342 
045T    $aKUNST $qDE-16 $2FID 

lok: 47276137 3

exp: 47276137 3 1 #EPN
201B/01 $024-11-20 $t22:48:57.203 
201C/01 $024-11-20 
201U/01 $0utf8 
203@/01 $01131218868 
204P/01 $010.11588/diglit.41526.22 $SV98 
208@/01 $a24-11-20 $bl 

lok: 47276137 78

exp: 47276137 78 1 #EPN
201B/01 $024-02-25 $t16:39:57.000 
201C/01 $024-02-25 
201U/01 $0utf8 
203@/01 $01294088289 
208@/01 $a24-02-25 $be 
209A/01 $a/ $f000 $x00 
209A/01 $ab*p $x01 
220C/01 $aeja 
244Z/01 $#Schlesien $#Schlesien $#Herzogtum Schlesien $#Herzogtum Schlesien Schlesien $#Provinz Schlesien $#Śla̜sk $#Slezsko $#Silesia $74052678-1 $8--Tg1--Schlesien $x02 $9085146781 
247C/01 $82080>Marburg/Lahn, Herder-Institut, Forschungsbibliothek, Bibliographieportal $9336309341
LEADER 00000caa a22000002c 4500
001 472761374
003 DE-603
005 20201125224600.0
007 cr||||||||||||
008 201121s1956 xx |||| o| u00||u|pol c
024 7 |a 10.11588/diglit.41526.22  |2 doi 
024 7 |a urn:nbn:de:bsz:16-diglit-415265  |2 urn 
035 |a (DE-599)HEB472761374 
040 |a DE-603  |b ger  |c DE-603  |d DE-603 
041 |a pol 
084 |a KUNST  |q DE-16  |2 fid 
100 1 |a Dobrowolski, Tadeusz  |d 1899-1984  |0 (DE-603)137289154  |0 (DE-588)101537522  |2 gnd 
245 0 0 |a Kilka uwag o cytowaniu literatury  |b (na marginesie książki Z. Świechowskiego "Architektura na Śląsku do poł. XIII w.")  |c Tadeusz Dobrowolski 
264 1 |a Warszawa  |b Państwowy Instytut Sztuki  |c 1956 
336 |a Text  |b txt  |2 rdacontent 
337 |a Computermedien  |b c  |2 rdamedia 
338 |a Online-Ressource  |b cr  |2 rdacarrier 
500 |a Elektronische Reproduktion der Druckausgabe 
500 |a Enthalten in: 18(1956), Seite 177-178 
530 |a Online-Ausgabe 
533 |b Heidelberg  |c Universitätsbibliothek Heidelberg  |d 2018  |7 s2018uuuuxx u| 
773 0 8 |i Enthalten in  |t Biuletyn historii sztuki  |d Warszawa : [Verlag nicht ermittelbar], 1950-2018  |o 10.11588/diglit.34474  |o urn:nbn:de:bsz:16-diglit-344741  |w (DE-603)403709342  |w (DE-600)2895336-8 
856 |u https://digi.ub.uni-heidelberg.de/diglit/bhs1956/0187  |x Verlag 
924 1 |9 603  |a (DE-603)1131218868  |b DE-603  |c HES  |d d 
924 1 |9 2080  |a (DE-603)1294088289  |b DE-2080  |c HES  |d d  |g /